[Event "4NCL Online Division 2"]
[Site "online"]
[Date "2020.11.17"]
[Round "7.23"]
[White "Haydon, David L"]
[Black "Chan, Nevil"]
[Result "1-0"]
[WhiteElo "2402"]
[BlackElo "2010"]
[PlyCount "83"]
[EventDate "2020.11.17"]
[WhiteTeam "Brentwood A"]
[BlackTeam "Harrow 1"]

1. e4 Nc6 2. d4 e5 3. d5 Nce7 4. Nf3 Ng6 5. h4 h5 6. Bg5 Nf6 7. Bd3 Be7 8. c4
d6 9. Nc3 c5 10. dxc6 bxc6 11. Qa4 Bd7 12. Qc2 Qc7 13. Rc1 Nf8 14. b4 Ne6 15.
Be3 c5 16. Nb5 Qb8 17. bxc5 dxc5 18. Rb1 O-O 19. Nc3 Qd6 20. Nb5 Qb8 21. Nbd4
Qc7 22. Nxe6 Bxe6 23. Ng5 Rab8 24. Nxe6 fxe6 25. Rxb8 Rxb8 26. f3 Rb6 27. Bd2
Qb8 28. Bc3 Bd6 29. Kf2 Nd7 30. Qd2 Qf8 31. Qg5 Qf7 32. Rd1 Be7 33. Qg3 Qf4 34.
Qxf4 exf4 35. g3 fxg3+ 36. Kxg3 e5 37. Bc2 Rd6 38. Rd5 Rg6+ 39. Kh3 Bd6 40. Ba5
Nb6 41. Rd3 Nxc4 42. Bb3 1-0

[Event "4NCL Online Division 2"]
[Site "online"]
[Date "2020.11.17"]
[Round "7.24"]
[White "Chopra, Manmay"]
[Black "Bowden, Karl"]
[Result "1/2-1/2"]
[WhiteElo "1610"]
[BlackElo "2348"]
[PlyCount "93"]
[EventDate "2020.11.17"]
[WhiteTeam "Harrow 1"]
[BlackTeam "Brentwood A"]

1. e4 e6 2. d4 d5 3. Nc3 Bb4 4. exd5 exd5 5. Bd3 Nf6 6. Nge2 O-O 7. a3 Be7 8.
Bf4 c6 9. Qd2 b5 10. f3 Nbd7 11. g4 Nb6 12. b3 Be6 13. Ng3 Re8 14. g5 Nfd7 15.
h4 Nf8 16. Kf2 b4 17. Nce2 a5 18. axb4 axb4 19. Be5 Nbd7 20. Nh5 Nxe5 21. dxe5
Rxa1 22. Rxa1 Ng6 23. Bxg6 hxg6 24. Nhf4 Bc5+ 25. Kg2 Bf5 26. Nd3 Bf8 27. Nxb4
Qb6 28. Nd3 Bxd3 29. cxd3 Rxe5 30. d4 Re8 31. Qd3 Bd6 32. f4 Qb7 33. Qf3 Qd7
34. Ng3 Qc7 35. Rf1 Rb8 36. h5 Qb6 37. hxg6 fxg6 38. Qd3 Kf7 39. Rf3 Qb5 40.
Qc2 Re8 41. f5 Bxg3 42. fxg6+ Kg8 43. Kxg3 Qb8+ 44. Kg2 Qc8 45. Kg3 Qc7+ 46.
Kg2 Qd7 47. Qf5 1/2-1/2

[Event "4NCL Online Division 2"]
[Site "online"]
[Date "2020.11.17"]
[Round "7.31"]
[White "Collopy, Robert"]
[Black "Garcia, Jason"]
[Result "0-1"]
[WhiteElo "2012"]
[BlackElo "2028"]
[PlyCount "68"]
[EventDate "2020.11.17"]
[WhiteTeam "St Albans 1"]
[BlackTeam "White Knights"]

1. d4 Nf6 2. c4 c5 3. d5 e6 4. Nc3 exd5 5. cxd5 d6 6. e4 g6 7. Nge2 Bg7 8. Ng3
O-O 9. Be2 a6 10. a4 Nbd7 11. O-O Re8 12. Bg5 Qc7 13. f4 Rb8 14. Bc4 h6 15. Bh4
Qb6 16. Qe2 Qb4 17. e5 dxe5 18. Bxf6 Bxf6 19. f5 e4 20. fxg6 fxg6 21. d6+ Kg7
22. Nd5 Qxb2 23. Nxf6 Qd4+ 24. Kh1 Nxf6 25. Rad1 Bg4 26. Rxf6 Qxd1+ 27. Qxd1
Bxd1 28. Rf7+ Kh8 29. d7 Rf8 30. Re7 e3 31. Rxe3 Rbd8 32. Be6 Bxa4 33. Rd3 c4
34. Bxc4 Rxd7 0-1

[Event "4NCL Online Division 2"]
[Site "online"]
[Date "2020.11.17"]
[Round "7.32"]
[White "Young, Alan"]
[Black "Ellis, Aidan B"]
[Result "1-0"]
[WhiteElo "2092"]
[BlackElo "1960"]
[PlyCount "75"]
[EventDate "2020.11.17"]
[WhiteTeam "White Knights"]
[BlackTeam "St Albans 1"]

1. e4 c5 2. Nf3 d6 3. d4 cxd4 4. Nxd4 Nf6 5. Nc3 Bd7 6. f3 Nc6 7. Be3 a6 8. Qd2
e6 9. g4 b5 10. g5 Nh5 11. Bd3 Nxd4 12. Bxd4 Be7 13. Rg1 b4 14. Ne2 e5 15. Be3
Be6 16. Ng3 Nxg3 17. hxg3 d5 18. f4 d4 19. Bf2 a5 20. Qe2 Qc7 21. Rd1 Rd8 22.
Qf3 Bxa2 23. b3 Qc3+ 24. Kf1 Kf8 25. fxe5 Bxg5 26. Be1 Qc8 27. Ra1 Be3 28. Rh1
Re8 29. Bc4 Qc7 30. e6 Bxb3 31. cxb3 f6 32. Rh5 Rc8 33. e5 Ke7 34. exf6+ gxf6
35. Rhxa5 Qb6 36. Ra7+ Ke8 37. Qh5+ Kd8 38. e7# 1-0

[Event "4NCL Online Division 2"]
[Site "online"]
[Date "2020.11.17"]
[Round "7.33"]
[White "Willmott, Neil D"]
[Black "Hewitt, William"]
[Result "1/2-1/2"]
[WhiteElo "1930"]
[BlackElo "1997"]
[PlyCount "47"]
[EventDate "2020.11.17"]
[WhiteTeam "St Albans 1"]
[BlackTeam "White Knights"]

1. Nf3 Nf6 2. c4 g6 3. b3 Bg7 4. Bb2 O-O 5. g3 d5 6. Bg2 Nc6 7. cxd5 Nxd5 8.
Bxg7 Kxg7 9. O-O e5 10. d3 Be6 11. Qc2 Qe7 12. Nc3 Nxc3 13. Qxc3 f6 14. Rfc1
Rac8 15. Qc5 Qxc5 16. Rxc5 Ne7 17. Nd2 b6 18. Rc2 c5 19. Nc4 Rfd8 20. Ne3 Kf7
21. Rac1 Rd4 22. Kf1 Nc6 23. Rb2 Ke7 24. Ke1 1/2-1/2

[Event "4NCL Online Division 2"]
[Site "online"]
[Date "2020.11.17"]
[Round "7.34"]
[White "May, Adam J"]
[Black "Gemmell, John"]
[Result "1-0"]
[WhiteElo "1950"]
[BlackElo "1922"]
[PlyCount "131"]
[EventDate "2020.11.17"]
[WhiteTeam "White Knights"]
[BlackTeam "St Albans 1"]

1. d4 Nf6 2. Nf3 d5 3. g3 Bf5 4. Bg2 e6 5. c4 c6 6. Nc3 Bd6 7. Qb3 Qb6 8. c5
Qxb3 9. axb3 Bc7 10. Bf4 Bxf4 11. gxf4 Nbd7 12. b4 Ne4 13. Nd2 Ndf6 14. f3 Nxc3
15. bxc3 Nh5 16. e3 Bd3 17. Kf2 Kd7 18. Rhc1 h6 19. h4 f6 20. c4 dxc4 21. Nxc4
Bxc4 22. Rxc4 g5 23. fxg5 hxg5 24. hxg5 fxg5 25. Rcc1 Nf6 26. e4 Nh5 27. Rh1 a6
28. Bf1 Nf4 29. Bc4 Ke7 30. Ke3 Raf8 31. Rag1 Kf6 32. Bb3 Ng2+ 33. Kd2 Rxh1 34.
Rxh1 Nh4 35. Rh3 Ke7 36. Bd1 Ng2 37. Rg3 Nh4 38. Ke3 Kf6 39. Be2 Ng6 40. Bd3 e5
41. d5 cxd5 42. exd5 Nf4 43. Be4 Rd8 44. d6 Ne6 45. Bxb7 Nd4 46. Rg2 a5 47.
bxa5 Nb3 48. c6 Nxa5 49. c7 Nxb7 50. cxd8=Q+ Nxd8 51. Rd2 Ke6 52. d7 Ke7 53.
Ke4 Nf7 54. Rd5 Kd8 55. Kf5 Ke7 56. Kg6 g4 57. fxg4 e4 58. Rd4 Ne5+ 59. Kh5
Nxd7 60. Rxe4+ Kf7 61. Kh6 Nf6 62. Rf4 Ke6 63. g5 Nd5 64. g6 Nxf4 65. g7 Nh5
66. g8=Q+ 1-0

[Event "4NCL Online Division 2"]
[Site "online"]
[Date "2020.11.17"]
[Round "7.41"]
[White "Srivastava, Arnav"]
[Black "Pyda, Arjun"]
[Result "1/2-1/2"]
[WhiteElo "2027"]
[BlackElo "1712"]
[PlyCount "144"]
[EventDate "2020.11.17"]
[WhiteTeam "Poisoned Pawns"]
[BlackTeam "Warwick University B"]

1. d4 d5 2. c4 e6 3. Nf3 Nf6 4. g3 c6 5. Bg2 Nbd7 6. O-O Bd6 7. Nc3 O-O 8. Nd2
Qe7 9. f4 a6 10. c5 Bc7 11. b4 a5 12. b5 Nxc5 13. b6 Bd6 14. dxc5 Bxc5+ 15. Kh1
Ng4 16. Ndb1 Bxb6 17. Qb3 Qc5 18. h3 Nf2+ 19. Kh2 Qb4 20. Qc2 Qc4 21. Ba3 Re8
22. Nd2 Qa6 23. Na4 Be3 24. Rae1 b5 25. Bc5 Bxd2 26. Qxd2 bxa4 27. Rxf2 Qb5 28.
Qc2 Ba6 29. Rb1 Qc4 30. Qxc4 Bxc4 31. e3 Reb8 32. Rfb2 Rb5 33. Rxb5 cxb5 34.
Kg1 b4 35. a3 b3 36. Kf2 Rc8 37. Bd4 f6 38. Ke1 Kf7 39. Kd2 Ke7 40. e4 Kd6 41.
e5+ Ke7 42. Rb2 f5 43. Bf3 g6 44. Bb6 Bb5 45. Bxa5 Kd7 46. Bb6 Rc6 47. Bd4 Rc4
48. Bb6 Rc6 49. Bf2 Bc4 50. Rb1 Bb5 51. Rc1 Rxc1 52. Kxc1 Bd3 53. Bd4 Kc6 54.
Kd2 Bf1 55. h4 h5 56. Kc3 Kb5 57. Be3 Bc4 58. Bd1 Bf1 59. Bf3 Bc4 60. Bg2 Be2
61. Bd4 Bc4 62. Kd2 Ka6 63. Ke3 Kb5 64. Bf3 Kc6 65. Bd1 Bb5 66. Kd2 Bc4 67. Ke3
Kb5 68. Bc3 Bf1 69. Kd4 Bc4 70. Bf3 Kc6 71. Bb2 Bf1 72. Bh1 Bc4 1/2-1/2

[Event "4NCL Online Division 2"]
[Site "online"]
[Date "2020.11.17"]
[Round "7.42"]
[White "Behler, Paul"]
[Black "Volovich, Julia"]
[Result "1-0"]
[WhiteElo "1780"]
[BlackElo "1937"]
[PlyCount "73"]
[EventDate "2020.11.17"]
[WhiteTeam "Warwick University B"]
[BlackTeam "Poisoned Pawns"]

1. e4 e6 2. d4 d5 3. Nc3 Bb4 4. e5 c5 5. a3 Bxc3+ 6. bxc3 Ne7 7. Qg4 cxd4 8.
Qxg7 Rg8 9. Qxh7 Qc7 10. Qd3 dxc3 11. Ne2 Nbc6 12. Qxc3 Qxe5 13. Qxe5 Nxe5 14.
Ng3 Bd7 15. Nh5 O-O-O 16. h4 Nf5 17. Bg5 Rdf8 18. Rh3 Nc6 19. Nf6 Rh8 20. c3
Nd6 21. g4 Ne8 22. Rb1 Nxf6 23. Bxf6 Rhg8 24. g5 e5 25. c4 dxc4 26. Rc3 Rh8 27.
Bxh8 Rxh8 28. Rxc4 Be6 29. Ra4 Nd4 30. Rxa7 Rxh4 31. Bg2 Rg4 32. Bxb7+ Kd8 33.
Kd2 Rxg5 34. Bd5 Kc8 35. Bxe6+ fxe6 36. Rh1 Rg8 37. Ra8+ 1-0

[Event "4NCL Online Division 2"]
[Site "online"]
[Date "2020.11.17"]
[Round "7.43"]
[White "Trivedi, Aarnavh"]
[Black "Sajanani, Vikas"]
[Result "1/2-1/2"]
[WhiteElo "1952"]
[BlackElo "1652"]
[PlyCount "55"]
[EventDate "2020.11.17"]
[WhiteTeam "Poisoned Pawns"]
[BlackTeam "Warwick University B"]

1. c4 Nf6 2. g3 e6 3. Bg2 c5 4. Nc3 Nc6 5. d3 Be7 6. b3 d5 7. Bb2 O-O 8. h4 d4
9. Ne4 Nxe4 10. Bxe4 f5 11. Bxc6 bxc6 12. Nf3 f4 13. g4 a5 14. a4 Rb8 15. Qc2
Qb6 16. Nd2 e5 17. f3 Be6 18. O-O-O Rb7 19. g5 Bf5 20. Rdg1 Rfb8 21. Ba3 Qd8
22. Kb2 Bg6 23. h5 Bf5 24. g6 h6 25. Ka2 Qb6 26. Rb1 Qd8 27. Qc1 Bf8 28. Qd1
1/2-1/2

[Event "4NCL Online Division 2"]
[Site "online"]
[Date "2020.11.17"]
[Round "7.44"]
[White "Fakhoury, Ziad Oussma"]
[Black "Zheng, Harry Z"]
[Result "0-1"]
[WhiteElo "1247"]
[BlackElo "1915"]
[PlyCount "136"]
[EventDate "2020.11.17"]
[WhiteTeam "Warwick University B"]
[BlackTeam "Poisoned Pawns"]

1. c4 e5 2. g3 Nf6 3. Bg2 d5 4. cxd5 Nxd5 5. Nc3 Nb6 6. Nf3 Nc6 7. O-O Be7 8.
d3 O-O 9. a3 Be6 10. b4 a6 11. Bb2 f5 12. Rc1 Bf6 13. e3 Qd7 14. Re1 Rad8 15.
Bf1 Qe8 16. Ne2 e4 17. Nfd4 Nxd4 18. Nxd4 c6 19. dxe4 fxe4 20. Qc2 Bd5 21. Qd1
Nd7 22. Qg4 Ne5 23. Qe2 Nd3 24. Qg4 Nxb2 25. Rc2 Nd3 26. Bxd3 exd3 27. Rd2 Bxd4
28. Qxd4 Qe4 29. Qxe4 Bxe4 30. f4 Kf7 31. Kf2 Ke6 32. Rc1 b5 33. Rc5 Rf5 34.
Rc1 h5 35. h3 Rh8 36. a4 g6 37. Ra1 Rff8 38. axb5 axb5 39. Ra3 Ra8 40. Rdxd3
Bxd3 41. Rxd3 Rhd8 42. Rc3 Ra6 43. Ke2 Ra2+ 44. Kf3 Rd6 45. e4 Kd7 46. f5 gxf5
47. exf5 Rad2 48. Ke3 Rh2 49. h4 Rb2 50. Kf4 Rxb4+ 51. Kg5 Rc4 52. Rf3 Ke7 53.
Re3+ Kf7 54. Ra3 Ra4 55. Re3 Rf6 56. Rd3 Ra7 57. Kxh5 Rxf5+ 58. Kg4 Rd5 59.
Rf3+ Kg6 60. Re3 Ra4+ 61. Kf3 c5 62. g4 Rdd4 63. h5+ Kf6 64. h6 Rxg4 65. h7 Rh4
66. Rc3 Rxh7 67. Rxc5 Rh3+ 68. Ke2 Ra2+ 0-1

[Event "4NCL Online Division 2"]
[Site "online"]
[Date "2020.11.17"]
[Round "7.51"]
[White "Byron, Alan M"]
[Black "Thompson, Robert"]
[Result "1/2-1/2"]
[WhiteElo "2180"]
[BlackElo "1985"]
[PlyCount "59"]
[EventDate "2020.11.17"]
[WhiteTeam "Wigston 1"]
[BlackTeam "Downend 1"]

1. e4 d6 2. c4 Nf6 3. Nc3 g6 4. d4 Bg7 5. Nf3 O-O 6. h3 e5 7. d5 a5 8. Bg5 Na6
9. Be2 Qe8 10. g4 Nc5 11. Nd2 Bd7 12. Be3 h6 13. h4 Nh7 14. h5 g5 15. O-O Nf6
16. f3 c6 17. b3 Qe7 18. a3 Rfc8 19. b4 Na6 20. Qb3 axb4 21. axb4 Qd8 22. Na4
c5 23. bxc5 Bxa4 24. Qxa4 Nxc5 25. Qb4 Nfd7 26. Nb3 Bf8 27. Rfb1 Rxa1 28. Rxa1
Ra8 29. Rxa8 Qxa8 30. Kf2 1/2-1/2

[Event "4NCL Online Division 2"]
[Site "online"]
[Date "2020.11.17"]
[Round "7.52"]
[White "Meadows, Michael"]
[Black "Burrows, Martin P"]
[Result "1-0"]
[WhiteElo "2035"]
[BlackElo "2125"]
[PlyCount "87"]
[EventDate "2020.11.17"]
[WhiteTeam "Downend 1"]
[BlackTeam "Wigston 1"]

1. e4 e6 2. d4 d5 3. Nc3 Bb4 4. e5 c5 5. a3 Bxc3+ 6. bxc3 Ne7 7. Qg4 O-O 8. Bd3
Nbc6 9. Qh5 Ng6 10. Nf3 Qc7 11. Be3 c4 12. Bxg6 fxg6 13. Qg4 Qf7 14. Ng5 Qe8
15. h4 h6 16. Nh3 Qf7 17. Nf4 Ne7 18. a4 Qf5 19. Qe2 Bd7 20. g4 Qf7 21. Nh3 a5
22. f4 Qe8 23. f5 exf5 24. g5 h5 25. Nf4 Ra6 26. Bc1 Qc8 27. Ba3 Re8 28. Rg1
Qc6 29. Kd2 Nc8 30. Bc5 b6 31. Ba3 Kf7 32. Qf3 Be6 33. Nxh5 Rh8 34. Nf4 Rxh4
35. Rh1 Rxh1 36. Qxh1 Ne7 37. Bxe7 Kxe7 38. Nxg6+ Kd7 39. Qh8 Bf7 40. Nf4 g6
41. Qg7 Ke8 42. Rh1 Ra8 43. Rh8+ Ke7 44. Qf6+ 1-0

[Event "4NCL Online Division 2"]
[Site "online"]
[Date "2020.11.17"]
[Round "7.53"]
[White "Horspool, Philip J"]
[Black "Williams, Stephen M"]
[Result "1-0"]
[WhiteElo "2065"]
[BlackElo "1885"]
[PlyCount "145"]
[EventDate "2020.11.17"]
[WhiteTeam "Wigston 1"]
[BlackTeam "Downend 1"]

1. e4 d5 2. exd5 Nf6 3. c4 c6 4. d4 cxd5 5. Nc3 Nc6 6. Bg5 Ne4 7. Nxe4 dxe4 8.
Ne2 Bg4 9. Qa4 Qa5+ 10. Qxa5 Nxa5 11. Nc3 h6 12. Bd2 Nc6 13. Be2 Bxe2 14. Nxe2
e5 15. Bc3 exd4 16. Nxd4 Nxd4 17. Bxd4 Bb4+ 18. Ke2 O-O 19. Rhd1 f5 20. Be5
Rad8 21. Bc7 Rc8 22. Rd7 Rf7 23. Rd8+ Rxd8 24. Bxd8 Rd7 25. Rd1 Rxd1 26. Kxd1
Kf7 27. Bc7 Ke6 28. Bb8 Bc5 29. Ke2 g5 30. a3 a6 31. h3 f4 32. b4 Bd4 33. Bc7
Kd7 34. Bb8 Kc6 35. h4 b6 36. hxg5 hxg5 37. f3 e3 38. g3 fxg3 39. Bxg3 b5 40.
c5 Kd5 41. Kd3 Bb2 42. Kxe3 Bxa3 43. Be1 a5 44. bxa5 Bxc5+ 45. Kd3 b4 46. Bd2
b3 47. Bxg5 Ba3 48. Bf6 Bb4 49. a6 Kc6 50. a7 Kb7 51. Bd4 Ka8 52. Kc4 Bd6 53.
Kxb3 Kb7 54. Kc4 Bf4 55. Kd5 Bd2 56. Ke4 Bh6 57. Be3 Bg7 58. f4 Bf6 59. Kd5 Bh4
60. Ke6 Bd8 61. Bd4 Bh4 62. f5 Bg5 63. Bc5 Bh4 64. Be7 Bf2 65. f6 Bd4 66. f7
Bg7 67. Bc5 Ka8 68. Ke7 Kb7 69. Be3 Ka8 70. Bc5 Kb7 71. Ke6 Ka8 72. Kf5 Kb7 73.
Kg6 1-0

[Event "4NCL Online Division 2"]
[Site "online"]
[Date "2020.11.17"]
[Round "7.54"]
[White "Conterno, Dominique"]
[Black "Morley, Andrew J"]
[Result "1-0"]
[WhiteElo "1885"]
[BlackElo "2057"]
[PlyCount "107"]
[EventDate "2020.11.17"]
[WhiteTeam "Downend 1"]
[BlackTeam "Wigston 1"]

1. e4 c5 2. Nf3 Nc6 3. Bb5 g6 4. c3 Bg7 5. O-O Nf6 6. Re1 O-O 7. d4 cxd4 8.
cxd4 d5 9. e5 Ne4 10. Nc3 Nxc3 11. bxc3 Qa5 12. a4 Bg4 13. Ba3 Rfe8 14. h3 Bd7
15. Qb3 a6 16. Bd3 Rab8 17. Bc5 Qc7 18. Bb6 Qc8 19. Qxd5 Nd8 20. Qb3 Ne6 21. a5
Bh6 22. Ra2 Rf8 23. Rc2 Nf4 24. Bf1 Bf5 25. Rb2 Nd3 26. Bxd3 Bxd3 27. Bc5 Re8
28. e6 f6 29. c4 Bf5 30. Rbe2 g5 31. Qb4 Qc7 32. g4 Bd3 33. Re3 Bg6 34. Bb6 Qf4
35. Kg2 Bf8 36. Qd2 h5 37. Rc3 Qd6 38. d5 Qb4 39. Rc2 Qb3 40. Nd4 Qa4 41. Nf5
Rbc8 42. Qc3 Bxf5 43. gxf5 Red8 44. Bxd8 Rxd8 45. Ra1 Qe8 46. Rb2 Rb8 47. c5
Qc8 48. Rab1 Qc7 49. c6 Qf4 50. Qf3 Qa4 51. Rxb7 Rc8 52. Rb8 Rc7 53. Qxh5 Qe4+
54. Kg1 1-0

[Event "4NCL Online Division 2"]
[Site "online"]
[Date "2020.11.17"]
[Round "7.61"]
[White "Marsh, Sean"]
[Black "Talsma, Paul A"]
[Result "0-1"]
[WhiteElo "2215"]
[BlackElo "2139"]
[PlyCount "106"]
[EventDate "2020.11.17"]
[WhiteTeam "CSC 1"]
[BlackTeam "Anglia Avengers 2"]

1. d4 Nf6 2. c4 c5 3. d5 b5 4. Nf3 e6 5. Bg5 exd5 6. cxd5 d6 7. e4 a6 8. Nbd2
Be7 9. a4 Nxd5 10. exd5 Bxg5 11. axb5 O-O 12. Be2 Bb7 13. Ne4 Bf6 14. Nc3 axb5
15. Rxa8 Bxa8 16. O-O b4 17. Ne4 Bxb2 18. Qd3 Nd7 19. Nxd6 Nb6 20. Nf5 Bxd5 21.
Qc2 Bc3 22. Rd1 Qf6 23. Ne3 Bxf3 24. Bxf3 c4 25. Qe4 b3 26. Nxc4 Nxc4 27. Qxc4
b2 28. Be4 Rb8 29. Bb1 g6 30. Rd3 Re8 31. Rd1 Bd4 32. Rf1 Qb6 33. Qc2 Re6 34.
h3 Rc6 35. Qd2 Rf6 36. Qe2 Kg7 37. Qd2 Qc5 38. Qe2 Qc1 39. Kh2 Bxf2 40. Rxf2
Rxf2 41. Qxf2 Qxb1 42. Qd4+ f6 43. Qd7+ Kh6 44. Qd2+ g5 45. h4 Qf5 46. hxg5+
Qxg5 47. Qxb2 Qe5+ 48. Qxe5 fxe5 49. Kg3 Kg5 50. Kf3 Kf5 51. Ke3 h5 52. Kf3 h4
53. g4+ Kg5 0-1

[Event "4NCL Online Division 2"]
[Site "online"]
[Date "2020.11.17"]
[Round "7.62"]
[White "Player, Edmund C"]
[Black "Finn, Peter"]
[Result "0-1"]
[WhiteElo "2172"]
[BlackElo "2125"]
[PlyCount "54"]
[EventDate "2020.11.17"]
[WhiteTeam "Anglia Avengers 2"]
[BlackTeam "CSC 1"]

1. e4 c5 2. Nf3 Nc6 3. Bb5 g6 4. Bxc6 dxc6 5. d3 Bg7 6. h3 Nf6 7. Nc3 Nd7 8.
Be3 e5 9. Qd2 h6 10. Nh2 Nf8 11. Bxc5 Ne6 12. Be3 Nd4 13. O-O Be6 14. Ne2 Nxe2+
15. Qxe2 O-O 16. Qd2 Kh7 17. Rad1 f5 18. Bc5 Rf7 19. b3 f4 20. f3 h5 21. Ba3 a5
22. Bb2 a4 23. Qf2 Rd7 24. Rd2 b6 25. Rfd1 c5 26. Nf1 Bf6 27. Qe2 g5 0-1

[Event "4NCL Online Division 2"]
[Site "online"]
[Date "2020.11.17"]
[Round "7.63"]
[White "Frostick, Clive A"]
[Black "Jermy, Jaden"]
[Result "1/2-1/2"]
[WhiteElo "2108"]
[BlackElo "2057"]
[PlyCount "70"]
[EventDate "2020.11.17"]
[WhiteTeam "CSC 1"]
[BlackTeam "Anglia Avengers 2"]

1. e4 c5 2. Nf3 d6 3. Bb5+ Bd7 4. Bxd7+ Qxd7 5. c4 e5 6. Nc3 g6 7. d3 Bg7 8. a3
Nc6 9. Rb1 Nge7 10. b4 O-O 11. O-O f5 12. Bg5 h6 13. Bxe7 Nxe7 14. Qa4 Qxa4 15.
Nxa4 b6 16. Nc3 f4 17. Nd2 g5 18. f3 h5 19. h3 Kf7 20. Rb2 Bf6 21. Kf2 g4 22.
hxg4 hxg4 23. Rh1 g3+ 24. Ke2 Rh8 25. Rbb1 Ng6 26. Nb5 Be7 27. Nc7 Rag8 28. Nb5
Nh4 29. Rhg1 Ke6 30. bxc5 bxc5 31. Nxa7 Ra8 32. Nb5 Ra4 33. Rbc1 Ng6 34. Rh1
Nh4 35. Rcg1 Kd7 1/2-1/2

[Event "4NCL Online Division 2"]
[Site "online"]
[Date "2020.11.17"]
[Round "7.64"]
[White "Moore, Geoffrey R"]
[Black "Saidmurodov, Shahjahon"]
[Result "0-1"]
[WhiteElo "2057"]
[BlackElo "2147"]
[PlyCount "88"]
[EventDate "2020.11.17"]
[WhiteTeam "Anglia Avengers 2"]
[BlackTeam "CSC 1"]

1. e4 b6 2. d4 Bb7 3. Bd3 e6 4. Nf3 d5 5. e5 c5 6. c3 h6 7. a3 Nc6 8. Nbd2 Qc7
9. Nf1 O-O-O 10. Qe2 Kb8 11. dxc5 bxc5 12. Ng3 f5 13. h4 Nge7 14. h5 g5 15.
hxg6 Nxg6 16. Nh5 Ngxe5 17. Nxe5 Nxe5 18. Ba6 Bc6 19. Bb5 Bd6 20. Bxc6 Qxc6 21.
Bf4 Ng6 22. Bxd6+ Qxd6 23. O-O-O e5 24. Kb1 Rh7 25. g3 Rb7 26. Qc2 e4 27. Qd2
Ne5 28. Nf4 d4 29. Qe2 d3 30. Qh5 Nc4 31. Qxh6 Rxb2+ 32. Ka1 Qxh6 33. Rxh6 Rxf2
34. Rb1+ Rb2 35. Rhh1 d2 36. Rbd1 Rc2 37. Ne6 Rd3 38. Rb1+ Rb2 39. Rh8+ Kb7 40.
Rd1 Rxc3 41. Nxc5+ Kc7 42. Na6+ Kd7 43. Rh7+ Ke6 44. Nc5+ Kd5 0-1

[Event "4NCL Online Division 2"]
[Site "online"]
[Date "2020.11.17"]
[Round "7.71"]
[White "Keane, Graham D J"]
[Black "Crowther, Mark D"]
[Result "1/2-1/2"]
[WhiteElo "2161"]
[BlackElo "2117"]
[PlyCount "33"]
[EventDate "2020.11.17"]
[WhiteTeam "Streatham A"]
[BlackTeam "Bradford DCA Knights A"]

1. d4 Nf6 2. Bf4 d5 3. Nf3 e6 4. e3 Bd6 5. Bg3 O-O 6. c3 c5 7. Nbd2 Qc7 8. Bd3
Nbd7 9. Bxd6 Qxd6 10. O-O e5 11. dxe5 Nxe5 12. Nxe5 Qxe5 13. h3 Bf5 14. Nf3 Qe6
15. Bxf5 Qxf5 16. Qb3 b6 17. Rad1 1/2-1/2

[Event "4NCL Online Division 2"]
[Site "online"]
[Date "2020.11.17"]
[Round "7.72"]
[White "Ther, Mate"]
[Black "Hodgson, John H"]
[Result "1/2-1/2"]
[WhiteElo "1964"]
[BlackElo "2072"]
[PlyCount "79"]
[EventDate "2020.11.17"]
[WhiteTeam "Bradford DCA Knights A"]
[BlackTeam "Streatham A"]

1. e4 c5 2. Nf3 Nc6 3. d4 cxd4 4. Nxd4 e6 5. Nxc6 bxc6 6. Be3 Nf6 7. Nd2 d5 8.
exd5 cxd5 9. Nf3 Be7 10. c3 O-O 11. Bd3 a5 12. O-O Ba6 13. Bxa6 Rxa6 14. Qd3
Qc8 15. Rac1 Qb7 16. b3 Rc8 17. Rfd1 a4 18. c4 axb3 19. axb3 Ra3 20. cxd5 Rxc1
21. Rxc1 Rxb3 22. Qc2 Nxd5 23. Nd4 Rc3 24. Qd2 Rxc1+ 25. Qxc1 Nxe3 26. fxe3 h6
27. Kf2 Bg5 28. Qc6 Qxc6 29. Nxc6 Kf8 30. Kf3 Ke8 31. g3 Bf6 32. Ke4 Kd7 33.
Nb4 Bc3 34. Nd3 f5+ 35. Kf3 g5 36. e4 h5 37. h3 Ke7 38. exf5 exf5 39. g4 fxg4+
40. hxg4 1/2-1/2

[Event "4NCL Online Division 2"]
[Site "online"]
[Date "2020.11.17"]
[Round "7.73"]
[White "Horton, Justin"]
[Black "Johnson, Paul A"]
[Result "1-0"]
[WhiteElo "2058"]
[BlackElo "1812"]
[PlyCount "89"]
[EventDate "2020.11.17"]
[WhiteTeam "Streatham A"]
[BlackTeam "Bradford DCA Knights A"]

1. d4 d5 2. c4 e6 3. Nf3 Nf6 4. g3 c5 5. cxd5 exd5 6. Bg2 Nc6 7. O-O Be7 8. Nc3
O-O 9. Bg5 Be6 10. Rc1 Ne4 11. Bxe7 Qxe7 12. dxc5 Rfd8 13. Nd4 Nxc5 14. Nxc6
bxc6 15. Qd4 Nd7 16. Na4 Rdc8 17. Nc5 Nxc5 18. Rxc5 Rab8 19. Rfc1 Qb7 20. b3
Rc7 21. h4 Qa6 22. R1c2 Rbc8 23. e3 Qb6 24. b4 h6 25. a3 a6 26. Ra5 c5 27.
Raxc5 Rxc5 28. Rxc5 Rxc5 29. Qxc5 Qxc5 30. bxc5 Kf8 31. Kf1 Ke8 32. Ke2 Kd7 33.
Kd3 Kc6 34. Kd4 f6 35. Bf1 Bc8 36. a4 h5 37. Be2 g6 38. Bd3 f5 39. Be2 Bb7 40.
Bf3 Kd7 41. Bxd5 Bxd5 42. Kxd5 Kc7 43. a5 Kd7 44. c6+ Kc7 45. Kc5 1-0

[Event "4NCL Online Division 2"]
[Site "online"]
[Date "2020.11.17"]
[Round "7.74"]
[White "Holliday, John K"]
[Black "Smith, Martin G"]
[Result "0-1"]
[WhiteElo "1798"]
[BlackElo "1960"]
[PlyCount "178"]
[EventDate "2020.11.17"]
[WhiteTeam "Bradford DCA Knights A"]
[BlackTeam "Streatham A"]

1. e4 g6 2. d4 Bg7 3. c3 d6 4. Bc4 e6 5. Nf3 Ne7 6. O-O a6 7. Bf4 h6 8. Nbd2
Nd7 9. Qc2 b6 10. Rad1 Bb7 11. Rfe1 O-O 12. Bd3 Nf6 13. e5 Nfd5 14. Bg3 Nf5 15.
Ne4 Nxg3 16. fxg3 Qe7 17. exd6 cxd6 18. Qf2 f5 19. Ned2 b5 20. Nh4 Qf6 21. c4
bxc4 22. Nxc4 Rad8 23. Nf3 Nb4 24. Bb1 Bd5 25. b3 Nc6 26. Nb6 Bxf3 27. Qxf3
Nxd4 28. Qd3 Nb5 29. a4 Nc3 30. Rd2 Ne4 31. Rdd1 Qe5 32. Nc4 Qc5+ 33. Ne3 Rc8
34. Qxa6 d5 35. Qxe6+ Kh7 36. Qxd5 Qc3 37. Bxe4 fxe4 38. Qxe4 Qxb3 39. Rd6 Qc3
40. Qxg6+ Kh8 41. Rdd1 Rce8 42. Qd3 Qc5 43. Rc1 Qa7 44. Rc4 Rd8 45. Qe4 Rfe8
46. Qf4 Kh7 47. Rc7 Qa5 48. Rec1 Qd2 49. Rxg7+ Kxg7 50. Nf5+ Kf6 51. Rc6+ Re6
52. Ne3+ Ke7 53. Qc7+ Rd7 54. Nf5+ Kf6 55. Rxe6+ Kxe6 56. Qc4+ Kxf5 57. g4+ Ke5
58. Qc5+ Rd5 59. Qe7+ Kd4 60. Qa7+ Kc3 61. Qc7+ Kb2 62. Qb6+ Ka3 63. Qb1 Qd1+
64. Qxd1 Rxd1+ 65. Kf2 Kxa4 66. h4 Rd5 67. Ke3 Kb5 68. Ke4 Rd2 69. g3 Kc6 70.
Kf4 Kd7 71. g5 Rd4+ 72. Kf5 hxg5 73. Kxg5 Ke7 74. h5 Kf7 75. g4 Kg7 76. Kf5
Rd5+ 77. Ke4 Rg5 78. Kf4 Kh6 79. Kf3 Rc5 80. Kf4 Rc4+ 81. Kf5 Rc5+ 82. Kf4 Rg5
83. Kf3 Kg7 84. Kf4 Kf6 85. Kg3 Rc5 86. Kh4 Rc4 87. Kh3 Kg5 88. Kg3 Rxg4+ 89.
Kf3 Kxh5 0-1

[Event "4NCL Online Division 2"]
[Site "online"]
[Date "2020.11.17"]
[Round "7.81"]
[White "Carmichael, Ned"]
[Black "Yeo, Gareth"]
[Result "0-1"]
[WhiteElo "1832"]
[BlackElo "1980"]
[PlyCount "42"]
[EventDate "2020.11.17"]
[WhiteTeam "Hull & Beverley Romans 2"]
[BlackTeam "West is Best B"]

1. c4 e5 2. Nc3 d6 3. d4 exd4 4. Qxd4 Nc6 5. Qe3+ Be6 6. Nf3 Be7 7. Nd5 Nf6 8.
Nxe7 Qxe7 9. b3 O-O-O 10. Bb2 d5 11. g3 Ng4 12. Qc3 d4 13. Qd2 d3 14. Bg2 dxe2
15. Qxe2 Qb4+ 16. Kf1 Bf5 17. Rd1 Rxd1+ 18. Qxd1 Rd8 19. Qe1 Qc5 20. h3 Rd1 21.
hxg4 Bd3+ 0-1

[Event "4NCL Online Division 2"]
[Site "online"]
[Date "2020.11.17"]
[Round "7.82"]
[White "Pinto, Celso Bettencourt"]
[Black "Crow, Stephen"]
[Result "0-1"]
[WhiteElo "1813"]
[BlackElo "1802"]
[PlyCount "88"]
[EventDate "2020.11.17"]
[WhiteTeam "West is Best B"]
[BlackTeam "Hull & Beverley Romans 2"]

1. e4 e6 2. d4 d5 3. Be3 dxe4 4. f3 h6 5. Nd2 exf3 6. Ngxf3 Nf6 7. Bc4 Nbd7 8.
Qe2 Bd6 9. O-O-O a6 10. Bf2 b5 11. Bb3 Bb7 12. Ne5 O-O 13. Bh4 Qe8 14. Rhf1 c5
15. c3 cxd4 16. cxd4 Rc8+ 17. Kb1 Be7 18. g4 Nxe5 19. dxe5 Nd5 20. Bxe7 Nxe7
21. h4 Qc6 22. Rg1 Qc5 23. g5 hxg5 24. Rxg5 Rfd8 25. Rdg1 Nf5 26. Ne4 Qxe5 27.
Nc3 Qxe2 28. Nxe2 Rd2 29. Nc3 b4 30. Na4 Be4+ 31. Ka1 Rc6 32. h5 Kh7 33. a3
bxa3 34. bxa3 Bc2 35. Bxc2 Rcxc2 36. Kb1 Ra2 37. Nc3 Rdb2+ 38. Kc1 Rc2+ 39. Kb1
Rab2+ 40. Ka1 Rb3 41. Nb1 Rbb2 42. Nc3 Nd4 43. Rxg7+ Kh6 44. Na4 Nb3# 0-1